01138nam0a2200253 4500001001900000005001700019010001800036035002600054100004100080101000800121102000700129105001800136200025400154210004100408215006400449320005200513541005200565606007700617606006300694686002100757686001200778700006600790801002800856RU\NLR\b_ik\10420420250616225150.0 a5-94222-021-2 a(NLR Aleph) 002178055 a20031215d2003 |||y0rusy50 ca1 aeng aRU aac |||||||||1 aFatal red poppies...eNotes of a doctor, drug a. alcohol abuse expert, about meetings with police, drug dealers, patients, doctors a. politicians on five continentsfJenishbek Nazaralievg[Lit. adapt. by Leonid ShinkarevgTransl. by Katrin Julelson] aM.aSt. PetersburgcMed. pressd2003 a399 с., [16] л. цв. ил., портр.cпортр.d24 aБиблиогр. в примеч.: с. 387-3990 aПагубный красный макzrus0 aНаркоманияxЗаболеваемость3RU\NLR\AUTH\667758530 aНаркоманияxТерапия3RU\NLR\AUTH\667760784 aР11(0)062.645.14 aР645.1 1aNazaralievbŽ. B.f1961-gŽenišbek Bolsunbekovič4070 0aRUbNLRc20031215gPSBO